Statistics for Countries of the world in 1950

Click here to take the quiz!

General Stats

  • This quiz has been taken 499 times
    (361 since last reset)
  • The average score is 69 of 89

Answer Stats

Answer% Correct
United States
94%
Canada
93%
United Kingdom
92%
China
91%
France
91%
India
90%
Argentina
89%
Australia
89%
Brazil
89%
Soviet Union
89%
Mexico
88%
Spain
88%
Sweden
88%
Austria
87%
Chile
87%
Finland
87%
Norway
87%
Andorra
86%
Italy
86%
Japan
86%
Poland
86%
Portugal
86%
Saudi Arabia
86%
Yugoslavia
86%
Czechoslovakia
85%
Greece
85%
Iran
85%
Belgium
84%
Denmark
84%
Iraq
84%
Ireland
84%
Panama
84%
Turkey
84%
Cuba
83%
Peru
83%
Bolivia
82%
Colombia
82%
Egypt
82%
Iceland
82%
New Zealand
82%
North Korea
82%
Pakistan
82%
South Africa
82%
South Korea
82%
Venezuela
82%
West Germany
82%
Afghanistan
81%
East Germany
81%
Romania
81%
Albania
80%
Ecuador
80%
Hungary
80%
Switzerland
80%
Israel
79%
Netherlands
79%
Nicaragua
79%
Paraguay
79%
Vatican City
79%
Bulgaria
78%
Guatemala
78%
Haiti
78%
Honduras
78%
Indonesia
78%
San Marino
78%
Thailand
78%
Uruguay
78%
Yemen
78%
Costa Rica
77%
Ethiopia
77%
Syria
77%
Luxembourg
76%
El Salvador
75%
Lebanon
74%
Monaco
74%
Mongolia
73%
Dominican Rep
72%
Jordan
71%
Nepal
71%
Bhutan
69%
Liechtenstein
68%
Taiwan
63%
Liberia
59%
Morocco
58%
Philippines
58%
Burma
56%
North Vietnam
39%
Tibet
30%
Sikkim
5%
South Moluccas
5%

Score Distribution

Percentile by Number Answered

Percent of People with Each Score

Your Score History

You have not taken this quiz since the last reset